| 000 | 00706 a2200205 4500 | ||
|---|---|---|---|
| 003 | Nust | ||
| 005 | 20170207153358.0 | ||
| 010 | _a 87016833 | ||
| 020 | _a0442258437 : | ||
| 040 | _cNust | ||
| 082 | 0 | 0 | _a621.380283 |
| 245 | 0 | 0 |
_aAntenna handbook : _btheory, applications, and design / _cedited by Y.T. Lo, S.W. Lee. |
| 260 |
_aNew York : _bVan Nostrand Reinhold, _cc1988. |
||
| 300 |
_a1 v. (various pagings) : _bill. ; _c25 cm. |
||
| 505 | _aFundamentals And Mathematical Techniques Page 1-3, Antenna Theory Page 5-3, Applications Page 16-1, Related Topics Page 28-3. | ||
| 538 | _aAlmirah No.24 and Shelf No.5 | ||
| 650 | 0 | _aTelecommunication Engineering. | |
| 700 | 1 | _aLee, S. W. | |
| 700 | 1 | _aLo, Y. T. | |
| 942 |
_2ddc _cBK |
||
| 999 |
_c184847 _d184847 |
||